Umění protestu /

Korporativní autor: RUBATO (nakladatelství)
Další autoři: Pospíšil, Filip, 1972-
Jazyk: Čeština
Vydáno: V Praze : Rubato, 2013
Vydání: 1. vyd.
Edice: Eseje (Rubato)
Témata:
Fyzický popis: 176 s. : il., portréty ; 18 cm
Knihy
Uloženo v:
LEADER 01788nam a2200529 a 4500
001 nkc20132536357
003 CZ PrNK
005 20260512180636.0
007 ta
008 131220s2013 xr ac e 000 e cze
015 |a cnb002536357 
020 |a 978-80-87705-11-7  |q (brož.) 
035 |a (OCoLC)870289374 
040 |a ABA001  |b cze 
043 |a e-xr--- 
072 7 |a 323  |x Vnitropolitický vývoj, politický život  |2 Konspekt  |9 15 
080 |a 323.22  |2 MRF 
080 |a 323.212:172.1  |2 MRF 
080 |a (437.3)  |2 MRF 
080 |a (0:82-4)  |2 MRF 
080 |a (047.53)  |2 MRF 
245 0 0 |a Umění protestu /  |c Filip Pospíšil (ed.) 
250 |a 1. vyd. 
260 |a V Praze :  |b Rubato,  |c 2013 
300 |a 176 s. :  |b il., portréty ;  |c 18 cm 
490 1 |a Eseje ;  |v 14 
504 |a Obsahuje bibliografii a bibliografické odkazy 
650 0 7 |a protestní hnutí  |7 ph124669  |2 czenas 
650 0 7 |a občanská angažovanost  |7 ph135605  |2 czenas 
650 0 7 |a protestní hnutí  |7 ph124669  |z Česko  |2 czenas 
650 0 7 |a občanská angažovanost  |7 ph135605  |z Česko  |2 czenas 
650 0 9 |a protest movements  |2 eczenas 
650 0 9 |a community involvement  |2 eczenas 
650 0 9 |a protest movements  |z Czechia  |2 eczenas 
650 0 9 |a community involvement  |z Czechia  |2 eczenas 
655 7 |a eseje  |7 fd132213  |2 czenas 
655 7 |a rozhovory  |7 fd133303  |2 czenas 
655 9 |a essays  |2 eczenas 
655 9 |a interviews  |2 eczenas 
700 1 |a Pospíšil, Filip,  |d 1972-  |7 xx0028370  |4 edt  |4 aut 
710 2 |a RUBATO (nakladatelství)  |7 pna20261290095  |4 pbl 
830 0 |a Eseje (Rubato)  |0 s 
910 2 |a BOA001  |b 1-1317.872 
990 |a BK 
995 |a 01 
991 |b 201402  |c NOV  |e n 
996 6 |b 2610576798  |c 1-1317.872  |l MZK  |r Sklad / do 1 hodiny  |n 3  |p p.v.  |w 001394167  |u 000010  |a 1  |e BOA001  |j MZK50  |s P